000 00559nam a2200229Ia 4500
005 20250506172821.0
008 008 250505s9999 xx 000 0 eng d
020 _a9788171773794
037 _aTB
040 _aILCL
_beng
_cILCL
041 _aeng
_2eng
082 _qILCL
084 _aZ2,1,6q R3
100 _aMitra, B B
_9346001
245 4 _aThe Indian Succession Act
250 _a16
260 _aKolkata
_bEastern Law House
_c2023
300 _a112,872p.
365 _aINR
942 _cTB
_2Colon Classification
999 _c1312117
_d1312117